| 000 | 00488pab a2200169 454500 | ||
|---|---|---|---|
| 008 | 180718b2002 xxu||||| |||| 00| 0 eng d | ||
| 100 | _aLundberg, Paul A. | ||
| 245 | _aTwo cases of deflected decentralization: Pakistan and Nepal | ||
| 260 | _c2002 | ||
| 300 | _ap.81-112. | ||
| 362 | _aJan-Oct | ||
| 650 | _aDecentralization - Nepal | ||
| 650 | _aDecentralization - Pakistan | ||
| 650 | _aDecentralization | ||
| 773 | _aPhilippine Journal of Public Administration | ||
| 909 | _a71405 | ||
| 999 |
_c71405 _d71405 |
||